Matterhorn: a novel of the vietnam war (Record no. 32395)

MARC details
000 -LEADER
fixed length control field 00396nam a2200157Ia 4500
020 ## - INTERNATIONAL STANDARD BOOK NUMBER
ISBN 978- 0- 8021- 1928- 5
050 ## - CALL MARK
Classification number PS3613.A76594.M27
100 ## - STATEMENT OF RESPONSIBILITY--MAIN AUTHOR NAME
Personal name Karl Marlantes
245 #0 - TITLE STATEMENT
Title Matterhorn: a novel of the vietnam war
260 ## - PUBLICATION, DISTRIBUTION, ETC. (IMPRINT)
Name of publisher Atlantic monthly press
260 ## - PUBLICATION, DISTRIBUTION, ETC. (IMPRINT)
Year of publication 2010
300 ## - PHYSICAL DESCRIPTION
Number of Pages 600 p
942 ## - ADDED ENTRY ELEMENTS (KOHA)
Koha item type Books
Holdings
Withdrawn status Lost status Source of classification or shelving scheme Damaged status Not for loan Permanent Location Current Location Date acquired Accession Number Price effective from Koha item type
    Library of Congress Classification     NILE UNIVERSITY OF NIGERIA - MAIN LIBRARY NILE UNIVERSITY OF NIGERIA - MAIN LIBRARY 04/23/2025 0006153 04/23/2025 Books